[Event "FIDE Zonal 2.5-W 2019"]
[Site "Montevideo"]
[Date "2019.04.17"]
[Round "7.5"]
[White "Reyes Jara, Paula"]
[Black "Nejanky, Maisa"]
[Result "1/2-1/2"]
[WhiteElo "1926"]
[BlackElo "2000"]
[Annotator "NA RC"]
[PlyCount "105"]
[EventDate "2019.04.13"]
[EventType "swiss"]
[EventCountry "URU"]
[SourceTitle "playchess.com"]
[Source "ChessBase"]
[SourceQuality "1"]
[TimeControl "40/5400+30:1800+30"]

{[%evp 9,105,8,45,32767,32767,32767,32767,32767,96,82,77,32767,90,32767,106,72,97,79,32767,88,79,32767,32767,46,32767,32767,32767,32767,32767,32767,32767,32767,32767,32767,32767,32767,32767,32767,32767,-36,-34,32767,-90,-196,-23,32767,-20,-26,-19,-87,-104,-127,-66,32767,32767,32767,32767,-13,32767,32767,32767,32767,32767,32767,32767,0,150,29,48,0,0,0,253,93,82,93,64,16,17,27,24,27,25,18,32767,32767,32767,32767,32767,0,0,0,32767,0,0,0,0,0]} 1. d4 {[%emt 0:03:19]} Nf6 {[%emt 0:00:00]} 2. c4 {[%emt 0:00:21]} c5 {[%emt 0:00:00]} 3. e3 {[%emt 0:00:24]} g6 {[%emt 0:01:07]} 4. Nf3 {[%emt 0:00:56]} Bg7 {[%emt 0:00:08]} 5. Nc3 {[%emt 0:00:39]} O-O {[%emt 0:00:43]} 6. Be2 {[%emt 0:00:19]} d6 {[%emt 0:03:22]} 7. O-O {[%emt 0:01:54]} Nc6 {[%emt 0:08:20]} 8. d5 {[%emt 0:03:12]} Nb4 {[%emt 0:00:45]} 9. a3 {[%emt 0:00:35] E61: King's Indian: Early deviations for White, including Smyslov System} Na6 {[%emt 0:00:07]} 10. e4 {[%emt 0:01:02]} Nc7 {[%emt 0:08:51]} 11. Rb1 {[%emt 0:03:36]} Nd7 $146 {[%emt 0:13:27]} ({Better is} 11... e6 $14) ({You set blue moves yourself with the critical opening position annotation.:} 11... a6 12. b4 cxb4 13. Rxb4 Nd7 14. Nd4 a5 15. Rb1 Na6 16. Be3 Nac5 {0-1 (46) Dergatschova Daus,A (2210)-Fuchs,A (2116) Germany 2000}) 12. Qc2 {[%emt 0:03:44]} a5 {[%emt 0:11:07]} 13. Bd2 {[%emt 0:07:31]} b6 {[%emt 0:10:16]} 14. h3 {[%emt 0:01:12]} Ba6 {[%emt 0:01:45]} 15. Nd1 {[%emt 0:05:49]} Ne8 {[%emt 0:13:21]} 16. Nh2 {[%emt 0:00:41]} Nef6 {[%emt 0:03:28]} 17. f4 {[%emt 0:02:50]} e6 {[%emt 0:02:54]} 18. Bc3 {[%emt 0:01:19]} exd5 {[%emt 0:01:49]} 19. exd5 {[%emt 0:00:52]} Qe7 {[%emt 0:04:17]} 20. Bd3 {[%emt 0:01:31]} Rae8 {[%emt 0:02:03]} 21. b4 {[%emt 0:03:45]} axb4 {[%emt 0:04:36]} 22. axb4 {[%emt 0:00:08]} cxb4 {[%emt 0:03:09]} 23. Bxb4 {[%emt 0:01:20]} Nc5 {[%emt 0:00:59]} 24. Bxc5 $1 {[%emt 0:03:56]} bxc5 {[%emt 0:00:10]} 25. Rb6 {[%emt 0:00:43]} Bc8 {[%emt 0:10:19]} 26. Nf3 {[%emt 0:00:15]} Nd7 $2 {[%emt 0:00:59]} ({Black should play} 26... Nh5 $19 27. f5 Qd8) 27. Rb1 {[%emt 0:01:57]} Qd8 {[%emt 0:00:31]} 28. Nf2 {[%emt 0:01:57]} Nf6 {[%emt 0:01:09]} 29. f5 {[%emt 0:03:37]} (29. g4 $11) 29... Re3 {[%emt 0:01:25]} 30. fxg6 {[%emt 0:11:40]} hxg6 {[%emt 0:00:06]} 31. Rbe1 {[%emt 0:02:13]} Rxe1 {[%emt 0:01:49]} 32. Rxe1 {[%emt 0:00:09]} Nh5 {[%emt 0:01:11]} 33. Qd2 {[%emt 0:02:02]} Qf6 {[%emt 0:00:34]} 34. Ne4 {[%emt 0:05:10]} Qd8 {[%emt 0:00:24]} 35. g4 {[%emt 0:00:53]} Nf6 {[%emt 0:00:17]} 36. Qf4 {[%emt 0:00:34]} Ne8 {[%emt 0:00:19]} 37. Qg5 {[%emt 0:05:57]} Qa5 {[%emt 0:00:56]} (37... Nf6 $11) 38. Qe7 {[%emt 0:01:26]} (38. Qh4 $16 Qa7 39. Kh1 (39. Nfg5 Bd4+ 40. Kh1 f6 $16)) 38... Qa3 {[%emt 0:00:15]} 39. Be2 {[%emt 0:04:23]} Ba6 {[%emt 0:00:42]} 40. Kg2 {[%emt 0:02:30]} ({Not} 40. Nxd6 $2 Bf6 $19) 40... Bc3 $2 {[%emt 0:00:32]} (40... Qb2 $11 {and Black is okay.} 41. Ned2 Bc3) 41. Rf1 {[%emt 0:32:56]} (41. Rb1 $18 Bb2 42. Nfg5 (42. Nxd6 Bf6 $17)) 41... Qb2 {[%emt 0:13:00]} 42. Nxc3 {[%emt 0:00:00]} Qxc3 {[%emt 0:00:06] [#]} 43. Ng5 {[%emt 0:00:00]} (43. Nh4 $1 $16 {[%cal Rh4g6]} Qg7 44. Bd3) 43... Bxc4 {[%emt 0:03:43]} 44. Bxc4 {[%emt 0:00:00]} Qxc4 {[%emt 0:00:16]} 45. Rxf7 {[%emt 0:00:00]} Qxd5+ {[%emt 0:00:36] Double Attack} 46. Kg3 {[%emt 0:00:00]} Qe5+ {[%emt 0:14:07]} 47. Qxe5 {[%emt 0:00:00]} dxe5 {[%emt 0:00:01]} 48. Rxf8+ {[%emt 0:00:00]} Kxf8 {[%emt 0:00:06]} 49. Ne6+ {[%emt 0:00:00]} Ke7 {[%emt 0:00:14]} 50. Nxc5 $11 {[%emt 0:00:00]} Nd6 {[%emt 0:00:31]} 51. Kf3 {[%emt 0:00:00]} Nf7 {[%emt 0:00:42]} 52. h4 {[%emt 0:00:00]} Kd6 {[%emt 0:00:45]} 53. Ne4+ {[%emt 0:00:00]} 1/2-1/2

[Event "FIDE Zonal 2.5-W 2019"]
[Site "Montevideo"]
[Date "2019.04.17"]
[Round "7.7"]
[White "Sarquis, Maria Belen"]
[Black "Silva Rosas, Natalia"]
[Result "0-1"]
[WhiteElo "2141"]
[BlackElo "1809"]
[Annotator "TA"]
[PlyCount "64"]
[EventDate "2019.04.13"]
[EventType "swiss"]
[EventCountry "URU"]
[SourceTitle "playchess.com"]
[Source "ChessBase"]
[SourceQuality "1"]

{[%evp 14,64,39,47,45,46,46,37,48,53,37,46,82,37,47,33,35,29,36,43,17,7,67,67,143,-47,-39,-29,270,-34,-28,-52,-30,-97,-85,-87,-87,-97,-102,-177,-171,-165,-123,-206,-197,-204,-197,-414,-204,-457,-445,-678,-656]} 1. e4 c5 2. Nf3 e6 3. d4 cxd4 4. Nxd4 a6 5. Bd3 Qc7 6. O-O Nf6 7. c4 Bc5 8. Nb3 Ba7 {B42: Sicilian: Kan Variation: 5 Bd3} (8... Be7 9. Nc3 d6 10. f4 Nbd7 11. Bd2 b6 12. Qe2 Bb7 13. Rae1 Rd8 14. Bb1 h5 15. e5 dxe5 16. fxe5 Ng4 17. Bf4 Bh4 {0-1 (90) Gabrielsen,S (2337)-Berg,E (2558) Oslo 2015}) 9. Qe2 Nc6 10. Be3 Bxe3 {White is slightly better.} 11. Qxe3 Ng4 {[%csl Gg4][%cal Rc7h2]} 12. Qh3 h5 $146 ({Predecessor:} 12... Nce5 13. Be2 Nf6 14. N1d2 Ng6 15. Qe3 e5 16. g3 {1-0 (39) Adams,M (2010)-Summers,C (2050) Gwbert on Sea 2001}) 13. f3 Nf6 14. Qh4 Nb4 15. Rd1 Nxd3 16. Rxd3 Qxc4 17. Rc3 Qe2 (17... Qb4 $11) 18. N1d2 $14 {Strongly threatening Nc4.} g5 ({Black should try} 18... d5 $14) 19. Qf2 $2 (19. Qxg5 $16 Rg8 20. Nd4 Rxg5 21. Nxe2) 19... Qxf2+ $15 20. Kxf2 {Nc4 is the strong threat.} g4 $2 {[%mdl 8192]} (20... d5 $11 {and Black stays safe.}) 21. a4 $2 (21. Nc4 $18) 21... d5 22. e5 Ng8 23. Rc7 (23. f4 $11) 23... Ne7 $17 24. Nd4 Kd8 25. Rc3 Bd7 26. N4b3 (26. f4 $17 {was called for.}) 26... Ng6 $19 27. Nc5 Nxe5 28. Nxb7+ (28. Re1 $17 Ng6 29. Nxb7+ Ke7 30. Nc5) 28... Ke7 29. Nc5 Rhc8 {Threatens to win with ...Rxc5!} 30. Kg3 $2 {[#]} (30. Ke2) 30... a5 (30... h4+ $142 $1 {[%mdl 512]} 31. Kxh4 gxf3) 31. b3 $2 {[#]} (31. Nxd7 {was worth a try.} Kxd7 32. f4 Rxc3+ 33. bxc3) 31... h4+ $1 {[%mdl 512]} 32. Kf4 {[#]} (32. Kxh4 $142 gxf3 33. g4) 32... Rxc5 $1 {[%mdl 576] Remove Defender. Accuracy: White = 25%, Black = 44%.} 0-1

[Event "FIDE Zonal 2.5-W 2019"]
[Site "Montevideo"]
[Date "2019.04.18"]
[Round "8.1"]
[White "Gomez Barrera, Javiera Belen"]
[Black "Zuriel, Marisa"]
[Result "0-1"]
[WhiteElo "2016"]
[BlackElo "2153"]
[Annotator "NA"]
[PlyCount "76"]
[EventDate "2019.04.13"]
[EventType "swiss"]
[EventCountry "URU"]
[SourceTitle "playchess.com"]
[Source "ChessBase"]
[SourceQuality "1"]
[TimeControl "40/5400+30:1800+30"]

1. e4 {[%emt 0:02:21]} c5 {[%emt 0:00:00]} 2. Nf3 {[%emt 0:00:18]} d6 {[%emt 0:00:00]} 3. d4 {[%emt 0:00:18]} cxd4 {[%emt 0:00:02]} 4. Nxd4 {[%emt 0:00:08]} Nf6 {[%emt 0:00:11]} 5. Nc3 {[%emt 0:00:06]} a6 {[%emt 0:00:04]} 6. Bg5 {[%emt 0:00:10]} Nbd7 {[%emt 0:00:21]} 7. Bc4 {[%emt 0:00:20]} Qb6 {[%emt 0:00:25] B94: Sicilian Najdorf: 6 Bg5 Nbd7} (7... h6 8. Bh4 g6 9. Qe2 Bg7 10. O-O-O O-O 11. Bb3 Qc7 12. Kb1 Rb8 13. f4 e5 14. fxe5 dxe5 15. Nf3 b5 16. g4 {1-0 (61) Nepomniachtchi,I (2751)-Korobov,A (2678) Poikovsky 2018}) 8. Qd2 {[%emt 0:17:28]} e6 {[%emt 0:03:48]} 9. O-O {[%emt 0:10:48]} Ne5 $146 {[%emt 0:08:03]} ({Predecessor:} 9... Be7 10. Bxe6 fxe6 11. Nxe6 Kf7 12. Nd5 Nxd5 13. exd5 Bxg5 14. Qxg5 Qxb2 15. c3 Qxc3 {½-½ (43) Azarov,S (2584)-Dragun,K (2595) Katowice 2016}) 10. Bb3 {[%emt 0:15:01]} Be7 {[%emt 0:00:16]} 11. a4 {[%emt 0:20:35]} h6 12. Be3 {[%emt 0:03:32]} Qc7 {[%emt 0:11:17]} 13. Qe2 {[%emt 0:05:06]} O-O {[%emt 0:12:17]} 14. h3 {[%emt 0:01:50]} Bd7 {[%emt 0:15:55]} 15. f4 {[%emt 0:08:09]} Nc6 {[%emt 0:02:25]} 16. f5 {[%emt 0:10:26]} e5 {[%emt 0:03:50]} 17. Nf3 {[%emt 0:02:58]} Nb4 {[%emt 0:00:21]} 18. Bf2 {[%emt 0:07:40]} Rac8 {[%emt 0:05:29]} 19. Bh4 {[%emt 0:02:36]} Bc6 {[%emt 0:03:54]} 20. Bxf6 {[%emt 0:01:11]} Bxf6 {[%emt 0:00:09]} 21. Qf2 {[%emt 0:01:29]} Qa5 {[%emt 0:01:48]} 22. Rfd1 {[%emt 0:00:20]} Rfd8 {[%emt 0:02:13]} 23. Bd5 {[%emt 0:00:46]} Bxd5 {[%emt 0:04:00]} 24. Rxd5 {[%emt 0:00:26]} Nxd5 {[%emt 0:00:36]} 25. Nxd5 {[%emt 0:00:02]} Rc4 {[%emt 0:13:43]} 26. Nxf6+ $2 {[%emt 0:00:51]} (26. Re1 {is a better defense.}) 26... gxf6 {[%emt 0:00:04]} 27. Qh4 {[%emt 0:00:07]} Kg7 {[%emt 0:00:09]} ({Less strong is} 27... Rxc2 28. Qxf6 Kf8 29. Qxh6+ Ke7 30. Qg7 $11 (30. Rd1 Qc7 $11)) 28. Nh2 {[%emt 0:01:02]} Qd2 {[%emt 0:01:04]} 29. Ra3 {[%emt 0:00:28]} Qd4+ {[%emt 0:01:47]} 30. Kf1 {[%emt 0:00:33]} Qd1+ {[%emt 0:00:06]} 31. Qe1 {[%emt 0:00:30]} Qxe1+ {[%emt 0:00:51]} 32. Kxe1 {[%emt 0:00:01]} Rxc2 {[%emt 0:00:21]} 33. Rg3+ {[%emt 0:00:21]} Kf8 {[%emt 0:00:08]} 34. Ng4 {[%emt 0:00:50]} d5 {[%emt 0:05:45]} 35. Nxf6 {[%emt 0:00:37]} dxe4 {[%emt 0:00:14]} 36. Nxe4 {[%emt 0:00:39]} Rd4 {[%emt 0:00:57]} 37. Nc3 {[%emt 0:00:29]} Rxb2 {[%emt 0:01:19]} 38. f6 {[%emt 0:00:25]} Rdd2 $19 {[%emt 0:00:43]} 0-1

[Event "FIDE Zonal 2.5-W 2019"]
[Site "Montevideo"]
[Date "2019.04.18"]
[Round "8.2"]
[White "Brizzi, Milagros Tatiana"]
[Black "Vargas, Gabriela"]
[Result "0-1"]
[WhiteElo "2126"]
[BlackElo "2130"]
[Annotator "TA"]
[PlyCount "112"]
[EventDate "2019.04.13"]
[EventType "swiss"]
[EventCountry "URU"]
[SourceTitle "playchess.com"]
[Source "ChessBase"]
[SourceQuality "1"]

{[%evp 16,112,6,6,4,3,6,6,14,8,15,14,14,0,0,0,0,0,0,0,0,0,35,-9,-13,-12,-4,-10,0,0,0,-41,-35,-134,-55,-52,-35,-39,0,-90,0,0,0,0,0,0,0,0,0,0,0,0,0,-252,-219,-303,-302,-293,-290,-272,-220,-374,-388,-386,-360,-386,-382,-379,-379,-366,-361,-361,-337,-341,-337,-1490,-1451,-1378,-1329,-1109,-1002,-29972,-29973,-29974,-29976,-29976,-29977,-29976,-29978,-29978,-29979,-29979,-29980,-29980,-29981,-29985,-29986,-29987,-29988]} 1. e4 e6 2. d4 d5 3. Nc3 Nf6 4. e5 Nfd7 5. f4 c5 6. Nf3 Nc6 7. Be3 a6 8. Qd2 b5 9. a3 Qa5 {C11: French: Classical System: 4 e5 and 4 Bg5 dxe4} (9... Rb8 10. dxc5 Bxc5 11. Bxc5 Nxc5 12. b4 Nd7 13. Bd3 Qb6 14. Ne2 f6 15. exf6 Nxf6 16. Ned4 Nxd4 17. Nxd4 {½-½ (31) Grischuk,A (2769)-Short,N (2652) Douglas 2018}) 10. dxc5 Bxc5 11. Bxc5 Nxc5 {The position is equal.} 12. Nd4 Qb6 13. Nxc6 Qxc6 14. b4 Ne4 15. Nxe4 dxe4 16. Rc1 O-O 17. c4 bxc4 {[#]} 18. Qe3 $146 ({Predecessor:} 18. Rxc4) 18... Bb7 19. Rxc4 Qa4 $36 {[%mdl 2048] Black fights for an advantage.} 20. Be2 Rac8 21. O-O Rxc4 22. Bxc4 Rc8 23. Be2 Qc2 24. Re1 (24. Rd1 $15) 24... g6 (24... h6 $1 $17 25. Rd1 Rc3) 25. Bf1 $15 Rc3 26. Qd4 Kg7 27. Re3 {[#]} (27. f5 $11 {remains equal.}) 27... Rxe3 (27... Rc8 $1 $17 28. Re1 h6) 28. Qxe3 $11 Qd1 29. Kf2 Qc2+ 30. Kg3 Qd1 31. Kf2 Qc2+ 32. Be2 h5 33. Qb6 Bd5 34. Qe3 $2 {[%mdl 8192]} (34. Qd4 $11) 34... Bc4 $19 35. g3 {[#]} Bd3 $1 36. Kf1 Qb1+ 37. Kf2 Qb2 38. Kf1 $2 (38. a4 {keeps fighting.}) 38... Qxa3 39. Bxd3 exd3 {[%mdl 4096] Endgame KQ-KQ} ({Weaker is} 39... Qxd3+ 40. Qxd3 exd3 41. h4 $11) 40. Qd2 Qa1+ 41. Kf2 Qd4+ 42. Kf3 Kf8 43. h3 Ke7 44. h4 Kd7 45. Qd1 $2 (45. Qa2 d2 46. Qa4+ Ke7 47. Ke2) 45... Kc7 46. Qd2 Kb6 47. g4 Kb5 48. gxh5 gxh5 {Black mates.} 49. Kg3 Qg1+ 50. Kf3 Qg4+ 51. Ke3 {[#]} Qe2+ $1 {[%mdl 512]} 52. Qxe2 dxe2 53. Kxe2 Kxb4 54. Kd3 a5 {[%cal Ba6a5,Ba5a4,Ba4a3][%mdl 32]} 55. Ke4 a4 56. f5 a3 {Accuracy: White = 55%, Black = 85%.} 0-1

[Event "FIDE Zonal 2.5-W 2019"]
[Site "Montevideo"]
[Date "2019.04.18"]
[Round "8.3"]
[White "Perez Rodriguez, Jennifer"]
[Black "Meza, Anahi"]
[Result "1/2-1/2"]
[WhiteElo "2237"]
[BlackElo "2073"]
[Annotator "ChessBase"]
[PlyCount "130"]
[EventDate "2019.04.13"]
[EventType "swiss"]
[EventCountry "URU"]
[SourceTitle "playchess.com"]
[Source "ChessBase"]
[SourceQuality "1"]
[TimeControl "40/5400+30:1800+30"]

1. e4 {[%emt 0:00:00]} c5 {[%emt 0:00:00]} 2. Nf3 {[%emt 0:00:00]} e6 {[%emt 0:00:00]} 3. c3 {[%emt 0:00:08]} Nf6 {[%emt 0:00:32]} 4. e5 {[%emt 0:00:11]} Nd5 {[%emt 0:00:05]} 5. d4 {[%emt 0:00:05]} cxd4 {[%emt 0:00:09]} 6. cxd4 {[%emt 0:00:02]} d6 {[%emt 0:00:14]} 7. a3 {[%emt 0:00:13]} Nc6 {[%emt 0:00:44]} 8. Bd3 {[%emt 0:01:17]} Be7 {[%emt 0:03:15]} 9. O-O {[%emt 0:00:06]} O-O {[%emt 0:02:29]} 10. Qe2 {[%emt 0:01:05]} dxe5 {[%emt 0:18:53]} 11. dxe5 {[%emt 0:00:31]} f6 {[%emt 0:01:25]} 12. Rd1 {[%emt 0:07:55]} Qc7 {[%emt 0:14:51]} 13. exf6 {[%emt 0:11:35]} Nxf6 {[%emt 0:01:21]} 14. Nc3 {[%emt 0:01:20]} a6 {[%emt 0:12:21]} 15. Bg5 {[%emt 0:04:11]} e5 {[%emt 0:11:52]} 16. h3 {[%emt 0:14:47]} Be6 {[%emt 0:03:53]} 17. Bc4 {[%emt 0:08:23]} Bxc4 {[%emt 0:06:02]} 18. Qxc4+ {[%emt 0:00:10]} Kh8 {[%emt 0:00:02]} 19. Bh4 {[%emt 0:05:58]} Rac8 {[%emt 0:11:42]} 20. Ng5 {[%emt 0:05:03]} Nd8 {[%emt 0:05:23]} 21. Qxc7 {[%emt 0:06:15]} Rxc7 {[%emt 0:00:01]} 22. Bg3 {[%emt 0:00:02]} Nh5 {[%emt 0:01:08]} 23. Nd5 {[%emt 0:15:53]} Rd7 {[%emt 0:01:51]} 24. Nxe7 {[%emt 0:00:50]} Rxe7 {[%emt 0:00:03]} 25. Bxe5 {[%emt 0:07:22]} Rxe5 {[%emt 0:00:17]} 26. Rxd8 {[%emt 0:00:02]} Kg8 {[%emt 0:02:01]} 27. Nf3 {[%emt 0:03:21]} Rxd8 {[%emt 0:00:39]} 28. Nxe5 {[%emt 0:00:01]} Rd2 {[%emt 0:00:30]} 29. Rc1 {[%emt 0:00:15]} h6 {[%emt 0:00:19]} 30. b4 {[%emt 0:01:34]} Nf4 {[%emt 0:00:59]} 31. Rc8+ {[%emt 0:00:45]} Kh7 {[%emt 0:00:02]} 32. Rc7 {[%emt 0:01:42]} b5 {[%emt 0:01:41]} 33. Rc6 {[%emt 0:00:39]} Rd1+ {[%emt 0:00:35]} 34. Kh2 {[%emt 0:00:01]} Rd2 {[%emt 0:01:01]} 35. Rxa6 {[%emt 0:01:31]} Rxf2 {[%emt 0:00:19]} 36. Kg3 {[%emt 0:00:01]} Rf1 {[%emt 0:00:07]} 37. Nf3 {[%emt 0:01:32]} Ne2+ {[%emt 0:00:59]} 38. Kh2 {[%emt 0:00:05]} Ra1 {[%emt 0:00:10]} 39. Ra5 {[%emt 0:01:48]} Ra2 {[%emt 0:01:04]} 40. Rxb5 {[%emt 0:00:27]} Nf4 {[%emt 0:00:09]} 41. Ne1 {[%emt 0:07:48]} Rxa3 {[%emt 0:06:15]} 42. Nc2 {[%emt 0:03:54]} Rd3 {[%emt 0:04:53]} 43. Rc5 {[%emt 0:04:13]} Rd2 {[%emt 0:02:40]} 44. Ne3 {[%emt 0:00:32]} Re2 {[%emt 0:06:02]} 45. Rc3 {[%emt 0:03:50]} Rb2 {[%emt 0:01:22]} 46. Nc2 {[%emt 0:03:42]} Nd5 {[%emt 0:05:46]} 47. Rc4 {[%emt 0:00:09]} Nb6 {[%emt 0:00:50]} 48. Rc5 {[%emt 0:00:30]} Nd7 {[%emt 0:00:26]} 49. Rc7 {[%emt 0:01:01]} Nf6 {[%emt 0:01:09]} 50. Kg3 {[%emt 0:02:45]} Rb3+ {[%emt 0:02:38]} 51. Kf2 {[%emt 0:00:40]} Nd5 {[%emt 0:00:19]} 52. Rc4 {[%emt 0:00:24]} Rb2 {[%emt 0:01:08]} 53. Kf3 {[%emt 0:00:46]} Nb6 {[%emt 0:00:37]} 54. Rc5 {[%emt 0:00:43]} Nd7 {[%emt 0:01:04]} 55. Rd5 {[%emt 0:05:06]} Nb6 {[%emt 0:00:35]} 56. Rb5 {[%emt 0:00:51]} Nc4 {[%emt 0:00:24]} 57. Nd4 {[%emt 0:00:34]} Rd2 {[%emt 0:00:51]} 58. Nc6 {[%emt 0:00:49]} Rd3+ {[%emt 0:00:35]} 59. Ke4 {[%emt 0:01:17]} Rd2 {[%emt 0:00:28]} 60. Rc5 {[%emt 0:00:14]} Nd6+ {[%emt 0:00:26]} 61. Kf3 {[%emt 0:00:51]} Rd3+ {[%emt 0:00:54]} 62. Ke2 {[%emt 0:00:03]} Rg3 {[%emt 0:00:26]} 63. Kf1 {[%emt 0:00:11]} Rb3 {[%emt 0:00:23]} 64. Rd5 {[%emt 0:00:43]} Ne4 {[%emt 0:00:19]} 65. Re5 {[%emt 0:01:22]} Nd2+ {[%emt 0:00:43]} 1/2-1/2

[Event "FIDE Zonal 2.5-W 2019"]
[Site "Montevideo"]
[Date "2019.04.18"]
[Round "8.4"]
[White "Fernandez, Maria Florencia"]
[Black "Malan, Lucia"]
[Result "1-0"]
[WhiteElo "2227"]
[BlackElo "1877"]
[Annotator "TA"]
[PlyCount "89"]
[EventDate "2019.04.13"]
[EventType "swiss"]
[EventCountry "URU"]
[SourceTitle "playchess.com"]
[Source "ChessBase"]
[SourceQuality "1"]

{[%evp 23,89,20,36,31,25,31,28,34,58,64,83,39,82,55,72,56,54,64,243,236,222,59,135,6,9,11,29,-17,0,0,0,0,0,-16,-16,-9,-9,-16,-11,-53,0,0,0,0,0,0,0,-27,-25,-24,-26,-29,-25,-26,0,0,0,-8,645,643,614,614,520,524,29993,29994,29994,29995]} 1. d4 d5 2. c4 c6 3. Nc3 Nf6 4. Nf3 dxc4 5. a4 Bf5 6. e3 e6 7. Bxc4 Bb4 8. O-O O-O 9. Qe2 Bg6 10. Ne5 Nbd7 11. Nxg6 hxg6 12. Rd1 Qe7 13. e4 {D19: Slav Defence: 5 a4 Bf5 6 e3: Main line with 9 Qe2} e5 14. d5 Nb6 15. Bb3 {White has an edge.} Rfd8 (15... cxd5 16. a5 d4 17. axb6 dxc3 18. bxc3 Bc5 19. bxa7 Rxa7 20. Rxa7 Bxa7 21. h3 Bc5 22. Bg5 b6 23. g3 Rd8 24. Ra1 Qb7 25. Bxf6 gxf6 26. Bd5 {½-½ (26) Peralta,F (2565)-Andriasian,Z (2615) La Roda 2017}) 16. a5 Nbd7 17. Bg5 $146 ({Predecessor:} 17. a6 Nc5 18. axb7 Qxb7 19. dxc6 Qxc6 20. Bd5 Nxd5 21. Nxd5 {1-0 (28) Arvola,B (2346)-Robertsen,B (1943) Fornebu 2016}) 17... Rac8 18. a6 Nc5 19. axb7 Qxb7 20. dxc6 Qxc6 $2 (20... Rxd1+ $14 21. Rxd1 (21. Qxd1 Rxc6 22. Bxf6 Nxb3 $14) 21... Qxc6) 21. Rxd8+ Rxd8 {[#]} 22. Qc4 $2 ({White must play} 22. Bxf7+ $1 $18 {[%mdl 512]} Kxf7 23. Qc4+ {[%mdl 64] Double Attack} Ke8 24. Rxa7 (24. Qxb4 Nd3 $16)) 22... Qe6 (22... Qb7 $14 23. Nd5 Rb8) 23. Nd5 ({But not} 23. Rxa7 $2 Bxc3 24. Qxe6 fxe6 $19) (23. Qxb4 $16 Nxb3 24. Rxa7) 23... Nxb3 $11 24. Qxb3 Bc5 $1 25. Qf3 {[%cal Rg5f6]} (25. Bxf6 $5 gxf6 26. Rc1 $11) 25... Rb8 26. Bxf6 gxf6 27. b4 ({Don't play} 27. Qxf6 Rxb2 28. Qxe6 Bxf2+ 29. Kf1 fxe6 $17) 27... Bxb4 28. Rxa7 Bc5 {( -> ...Rb1+)} 29. Ra1 $132 {[%mdl 2048] White is not keeping still} Kg7 30. Rc1 Rb2 31. Rf1 (31. Ne3 $5 {[%cal Rc1c5]} Rb5 32. Qe2 $15) 31... Qa6 ({Black should try} 31... Ra2 $15) 32. h4 Ra2 33. h5 Ra3 34. Qd1 Bd4 35. Nb4 Qc4 36. Nc2 $1 {[%cal Rc2a3]} Rd3 37. Qe2 Bc5 {aiming for ...Rc3!} 38. hxg6 {And now Rb1 would win.} fxg6 39. Rb1 {Black must now prevent Ne1.} Rc3 40. Rb7+ {[#]} Kg8 $2 {[%mdl 8192] [#]} (40... Kh6 $1 $11 {[%mdl 512]} 41. Qd2+ g5) 41. Qg4 $1 $18 {[%cal Rg4g6][%mdl 512]} Bxf2+ 42. Kxf2 Rxc2+ 43. Kg1 Qd4+ 44. Kh2 Kf8 45. Qxg6 {Accuracy: White = 51%, Black = 39%.} 1-0